Bara bada bastu lyrics quiz - Statistics

General Stats
  • This quiz has been taken 104 times
  • The average score is 197 of 305
Answer Stats
Answer % Correct
bastu
95%
Bara
94%
bara
94%
bada
91%
i
82%
80%
sauna
75%
SAUNA
75%
Vi
71%
vi
71%
e
69%
Ohhhhh
63%
Ohhhhhh
63%
Oooh
63%
oooh
63%
Ooooh
63%
ooooh
63%
kolme
62%
Yksi
62%
Ja
60%
ja
60%
idag
58%
kaksi
58%
ska
58%
stress
57%
Perkele
52%
Nåjaa
51%
nåjaa
51%
100
49%
grader
49%
Som
49%
som
49%
Bastubröder
48%
All
46%
all
46%
46%
Nu
45%
nu
45%
och
45%
Tick
45%
tick
45%
va
43%
me
42%
dags
40%
je
40%
tango
40%
ångon
38%
Ångon
38%
för
38%
sveittin
37%
yr
37%
åpp
35%
Klockon
35%
släpp
35%
90
34%
Arja
34%
ere
34%
glöder
34%
slår
34%
tack
34%
Bästa
32%
bra
32%
där
32%
Fyra
31%
jåå
31%
kropp
31%
bekymber
29%
försvinder
29%
heittää
29%
jåå
29%
själ
29%
strax
29%
träpanel
29%
vår
29%
lika
28%
båoti
26%
meir
26%
Vedin
26%
du
25%
jär
25%
jyst
23%
lackar
23%
Saijonmaa
23%
väggar
23%
Ei
22%
läng
22%
nästan
22%
saa
22%
orkar
20%
värman
18%
hur
17%
peittää
17%
värmer
17%
vattn
17%
Häll
12%
No matching quizzes found
Score Distribution
Percent of People with Each Score
Percentile by Number Answered
Your Score History
You have not taken this quiz